American cancer society textbook of clinical oncology

Clinical Oncology, the American Cancer Society''s textbook of cancer, presents a wealth of information about the wide range of issues in cancer. This exciting new resource will help healthcare providers adopt practices to encourage prevention and early detection, as well as provide state-o...

Deskribapen osoa

Gorde:
Xehetasun bibliografikoak
Formatua: Liburua
Hizkuntza:Undetermined
Argitaratua: Atlanta, Ga. The Society 1995
Gaiak:
Etiketak: Etiketa erantsi
Etiketarik gabe, Izan zaitez lehena erregistro honi etiketa jartzen!
Thư viện lưu trữ: Trung tâm Học liệu Trường Đại học Cần Thơ
LEADER 00881nam a2200181Ia 4500
001 CTU_187116
008 210402s9999 xx 000 0 und d
082 |a 616.994 
082 |b A512 
245 0 |a American cancer society textbook of clinical oncology 
245 0 |c [edited by] Gerald P. Murphy, Walter Lawrence, Jr., Raymond E. Lenhard, Jr. 
260 |a Atlanta, Ga. 
260 |b The Society 
260 |c 1995 
520 |a Clinical Oncology, the American Cancer Society''s textbook of cancer, presents a wealth of information about the wide range of issues in cancer. This exciting new resource will help healthcare providers adopt practices to encourage prevention and early detection, as well as provide state-of-the-art diagnosis and treatment. 
650 |a Cancer,Oncology,Ung thư học 
910 |a Hải 
980 |a Trung tâm Học liệu Trường Đại học Cần Thơ